[Event "FRA-ch fin stage"]
[Site "Bescanon"]
[Date "1999.08.25"]
[Round "1.2"]
[White "Bacrot, Etienne"]
[Black "Marciano, David"]
[Result "1-0"]
[WhiteElo "2592"]
[BlackElo "2529"]

1.d4 Nf6 2.c4 e6 3.Nf3 d5 4.Nc3 Be7 5.Bg5 O-O 6.e3 h6 7.Bxf6 Bxf6 8.Rc1 c6
9.Bd3 Nd7 10.O-O dxc4 11.Bxc4 e5 12.h3 exd4 13.exd4 Nb6 14.Bb3 Bf5 15.Re1 Re8
16.Rxe8+ Qxe8 17.Qd2 Qd7 18.Re1 a5 19.Ne4 Bxe4 20.Rxe4 a4 21.Bc2 a3 22.bxa3 Qd6
23.a4 Nd5 24.Bb3 Rd8 25.Ne5 g5 26.h4 Bg7 27.hxg5 hxg5 28.Nf3 f6 29.Re1 Kf8
30.Qd3 Re8 31.Rxe8+ Kxe8 32.Qg6+ Kf8 33.Nxg5 Qe7 34.Nf3 Qa3 35.Bxd5 Qc1+
36.Kh2 cxd5 37.Qf5 Qc6 38.Ne5 Qc7 39.g3 Ke7 40.Ng6+ Kd6 41.Nf4 Qf7 42.Qc8 b6
43.Qa6 Qc7 44.a5 Qc2 45.Qxb6+ Kd7 46.Qe6+  1-0

[Event "Match"]
[Site "Cannes FRA"]
[Date "2000.02.23"]
[Round "1"]
[White "Bacrot,E"]
[Black "Karpov,An"]
[Result "1/2-1/2"]
[WhiteElo "2594"]
[BlackElo "2696"]

1.d4 Nf6 2.c4 e6 3.Nc3 d5 4.cxd5 exd5 5.Bg5 Be7 6.e3 c6 7.Qc2 Nbd7 8.Bd3 O-O
9.Nf3 Re8 10.O-O-O Nf8 11.h4 Be6 12.Kb1 Rc8 13.Ka1 a6 14.Qb1 b5 15.Rc1 h6
16.Bf4 c5 17.dxc5 Bxc5 18.Nd4 Bd7 19.f3 Qb6 20.Rhd1 b4 21.Nce2 Bxd4 22.exd4 Bb5
23.Rxc8 Rxc8 24.g4 Re8 25.Nc1 h5 26.g5 N6d7 27.Bf5 Ng6 28.Bxg6 Qxg6 29.Qxg6 fxg6
30.Bd2 a5 31.Nb3 a4 32.Nc5 b3 33.Re1 Rxe1+ 34.Bxe1 Nxc5 35.dxc5 Bd3 36.axb3 axb3
37.c6 Kf7 38.c7 Bf5 39.Bc3 Ke7 40.c8=Q Bxc8 41.Kb1 Ke6 42.Kc1 Kf5 43.Kd2 Kf4
44.Ke2 Kg3 45.Be5+ Kg2 46.Ke3  1/2-1/2

[Event "Match"]
[Site "Cannes FRA"]
[Date "2000.02.24"]
[Round "2"]
[White "Karpov,An"]
[Black "Bacrot,E"]
[Result "1/2-1/2"]
[WhiteElo "2696"]
[BlackElo "2594"]

1.d4 d5 2.c4 c6 3.Nf3 Nf6 4.e3 Bf5 5.Nc3 e6 6.Nh4 Be4 7.f3 Bg6 8.Qb3 Qc7
9.Bd2 Be7 10.g3 Bh5 11.Be2 g5 12.Ng2 h6 13.Rc1 Qb6 14.Qc2 Bg6 15.Bd3 Bxd3
16.Qxd3 Qa6 17.b3 Nbd7 18.Ke2 O-O-O 19.c5 Qxd3+ 20.Kxd3 Ne8 21.b4 Nc7 22.a4 b6
23.Ne2 Kb7 24.Rb1 f5 25.Rhc1 e5 26.f4 e4+ 27.Kc2 g4 28.Kd1 b5 29.Ra1 h5 30.Nh4 Bxh4
31.gxh4 a6  1/2-1/2

[Event "Match g/25"]
[Site "Cannes FRA"]
[Date "2000.02.26"]
[Round "3"]
[White "Bacrot,E"]
[Black "Karpov,An"]
[Result "1-0"]
[WhiteElo "2594"]
[BlackElo "2696"]

1.d4 d5 2.c4 e6 3.Nc3 Be7 4.cxd5 exd5 5.Bf4 Nf6 6.e3 Bf5 7.Bd3 Bxd3 8.Qxd3 c6
9.Nf3 O-O 10.O-O Bd6 11.Be5 Qe7 12.Rab1 a5 13.Bxd6 Qxd6 14.Ne5 Nbd7 15.Nxd7 Nxd7
16.a3 a4 17.Rfe1 Rfe8 18.h3 Qg6 19.Qd1 b5 20.Ne2 Nb6 21.Nf4 Qd6 22.Nd3 Nc4
23.Qc2 Ra7 24.Re2 Rae7 25.Rbe1 Qg6 26.Nc5 Qxc2 27.Rxc2 f6 28.g4 Kf7 29.Kg2 h5
30.Kg3 Rh8 31.Nd3 Ree8 32.Nb4 Re6 33.Nd3 Ree8 34.Nb4 Re6 35.Nd3 g5 36.Rcc1 Ree8
37.Rcd1 Rh7 38.Rh1 Reh8 39.Kg2 Ke7 40.Rde1 Kd6 41.gxh5 Rxh5 42.f3 Re8 43.Kf2 Rh7
44.Re2 Reh8 45.Kg2 Re7 46.e4 Rh4 47.Nf2 dxe4 48.fxe4 f5 49.Rhe1 Rf4 50.exf5 Rxe2
51.Rxe2 Rxf5 52.Kg3 Kd5 53.Kg4 Rf4+ 54.Kxg5 Rxd4 55.h4 Ne5 56.h5 Nf3+ 57.Kg6 Ne5+
58.Kg7 c5 59.h6 Rh4 60.h7 Nf7 61.Kxf7 Rxh7+ 62.Kg6 Rh2 63.Kf5 Kc4 64.Kf4 b4
65.Kf3 Rh5 66.Re3 Rh2 67.Ke2 Rg2 68.Rf3 Rh2 69.Kd2 Kd4 70.Rf4+ Kd5 71.Rf5+ Kd4
72.Rf3 Kc4 73.Kc2 Rg2 74.Kd2 Kd4 75.Ke2 Kc4 76.Kf1 Rh2 77.Ng4 Rxb2 78.Ne5+ Kd4
79.Nc6+ Kd5 80.Ne7+  1-0

[Event "Match g/25"]
[Site "Cannes FRA"]
[Date "2000.02.26"]
[Round "4"]
[White "Karpov,An"]
[Black "Bacrot,E"]
[Result "0-1"]
[WhiteElo "2696"]
[BlackElo "2594"]

1.d4 d5 2.c4 c6 3.Nf3 Nf6 4.e3 Bf5 5.Nc3 e6 6.Nh4 Bg6 7.Qb3 Qb6 8.Nxg6 hxg6
9.Bd2 Nbd7 10.Be2 dxc4 11.Qxc4 Bd6 12.h3 O-O 13.Na4 Qc7 14.Qc2 e5 15.dxe5 Nxe5
16.O-O Rfe8 17.Rfd1 Rad8 18.Be1 Bf8 19.Nc5 g5 20.Rxd8 Rxd8 21.Ne4 Nxe4 22.Qxe4 g6
23.Qa4 b6 24.Rc1 Bg7 25.b4 Qe7 26.Qb3 Bf6 27.Rd1 Rxd1 28.Bxd1 Kg7 29.Be2 Qc7
30.Qc2 c5 31.bxc5 bxc5 32.Kf1 Nd7 33.Bb5 Nb6 34.a4 Nd5 35.Qb3 Ne7 36.Qc4 Nf5
37.Bb4 Be7 38.g4 Nh4 39.Qc3+ f6 40.Ke2 a6 41.Bd3 Qc6 42.Ba3 Qf3+ 43.Ke1 Ng2+
44.Kd2 Qxf2+ 45.Be2 Bd6 46.Qd3 Nxe3 47.Bb2 Bf4 48.Qd7+ Kh6 49.Qe8 Kg7 50.Qe7+ Kh6
51.Qf8+ Kh7 52.Qf7+ Kh6 53.Qe8 Nd5+ 54.Kc2 Kg7 55.Kb1 Qe3 56.Qd7+ Qe7 57.Qxe7+ Nxe7
58.Bxa6 Be5 59.Bxe5 fxe5 60.Bb7 Nc6 61.Bxc6 Kf7 62.a5 e4 63.Bxe4 Ke7 64.a6  0-1

[Event "Match g/5"]
[Site "Cannes FRA"]
[Date "2000.02.27"]
[Round "6"]
[White "Karpov,An"]
[Black "Bacrot,E"]
[Result "1-0"]
[WhiteElo "2696"]
[BlackElo "2594"]

1.c4 e5 2.Nc3 Nf6 3.Nf3 Nc6 4.e3 Bb4 5.Qc2 O-O 6.Nd5 Re8 7.Qf5 d6 8.Nxf6+ Qxf6
9.Qxf6 gxf6 10.a3 Bc5 11.b4 Bb6 12.Bb2 a5 13.b5 Nd8 14.d4 Bg4 15.c5 dxc5
16.dxe5 a4 17.Bc4 Ba5+ 18.Kf1 Bxf3 19.gxf3 fxe5 20.Rg1+ Kf8 21.Rd1 c6 22.Rg5 cxb5
23.Bxb5 f6 24.Rf5 Re6 25.Bc4 Kg7 26.Bxe6 Nxe6 27.Rh5 Kg6 28.Rh4 h5 29.Rd6 Re8
30.Rxa4 Bc7 31.Rd7 Rd8 32.Rxd8 Bxd8 33.Ra7 b6 34.Ke2 c4 35.Rd7 h4 36.h3 Kf5
37.Bc3 Bc7 38.Bb4 Bb8 39.Kd2 Ng5 40.Rb7 Nxh3 41.Rxb8 Ng5 42.Ke2 Kg6 43.Rh8 Nh7
44.Kf1  1-0

[Event "ch-FRA Pool A"]
[Site "Vichy FRA"]
[Date "2000.08.16"]
[Round "2"]
[White "Relange,E"]
[Black "Bacrot,E"]
[Result "0-1"]
[WhiteElo "2488"]
[BlackElo "2613"]

1.d4 d5 2.c4 c6 3.cxd5 cxd5 4.Nc3 Nf6 5.Bf4 a6 6.e3 Nc6 7.Bd3 Bg4 8.f3 Bh5
9.Nge2 e6 10.O-O Be7 11.Rc1 Bg6 12.a3 O-O 13.Na4 Nd7 14.Bg3 Rc8 15.b4 b5
16.Nc5 Nxc5 17.Bxg6 Na4 18.Bb1 g6 19.Bd3 Qb6 20.Nc3 Nxc3 21.Rxc3 e5 22.dxe5 d4
23.Rc1 dxe3 24.Kh1 Nd4 25.Re1 Rcd8 26.Rxe3 Nb3  0-1

[Event "ch-FRA Pool A"]
[Site "Vichy FRA"]
[Date "2000.08.19"]
[Round "3"]
[White "Bacrot,E"]
[Black "Anic,D"]
[Result "1-0"]
[WhiteElo "2613"]
[BlackElo "2487"]

1.d4 c6 2.c4 f5 3.Nf3 Nf6 4.g3 g6 5.Bg2 Bg7 6.O-O O-O 7.Nc3 Ne4 8.Qb3 Nxc3
9.bxc3 Kh8 10.Ba3 d6 11.c5 Na6 12.cxd6 exd6 13.e4 fxe4 14.Nd2 Nc7 15.Nxe4 Nb5
16.Bb2 d5 17.Nd2 Bg4 18.a4 Nd6 19.Ba3 Rf7 20.Rae1 Bf5 21.Re3 Bh6 22.f4 g5
23.c4 gxf4 24.gxf4 Bg7 25.cxd5 Bxd4 26.Nf3 Bc2 27.Qxc2 Bxe3+ 28.Kh1 Nf5 29.Ng5 Qf6
30.Nxf7+ Qxf7 31.dxc6 bxc6 32.Be4 Ng7 33.Qxc6 Rd8 34.f5 Bd4 35.Qc2 Nh5 36.Rd1 Qf6
37.Bf3 Ng7 38.Be4 Be5 39.Rxd8+ Qxd8 40.Bc5 a6 41.Bg1 Nh5 42.Qc5 Bf6 43.Qc6 Be5
44.a5 Nf6 45.Qa8 Bb8 46.Bf3 Qd6 47.Qc6 Qe5 48.Qxa6 Qxf5 49.Qa8 Kg7 50.Qb7+ Kg6
51.a6  1-0

[Event "ch-FRA Pool A"]
[Site "Vichy FRA"]
[Date "2000.08.22"]
[Round "5"]
[White "Bacrot,E"]
[Black "Nataf,IA"]
[Result "1/2-1/2"]
[WhiteElo "2613"]
[BlackElo "2526"]

1.d4 Nf6 2.c4 g6 3.Nf3 Bg7 4.g3 O-O 5.Bg2 c6 6.Nc3 d5 7.cxd5 cxd5 8.Ne5 e6
9.O-O Nfd7 10.f4 Nc6 11.b3 f6 12.Nf3 f5 13.a4 Nf6 14.Ne5 Bd7 15.Ba3 Re8 16.e3 Bf8
17.Bxf8 Rxf8 18.Qd2 a5 19.Rfc1 Qe7 20.Bf1 Rfc8 21.Bd3 Nb4 22.Ne2 Bc6 23.Nc3 Be8
24.Na2 Nc6 25.Nxc6 Bxc6 26.Rc5 b6 27.Rc2 Ne8 28.Rac1 Qd7 29.Rc3  1/2-1/2

[Event "ch-FRA Pool A"]
[Site "Vichy FRA"]
[Date "2000.08.24"]
[Round "7"]
[White "Degraeve,JM"]
[Black "Bacrot,E"]
[Result "1-0"]
[WhiteElo "2540"]
[BlackElo "2613"]

1.e4 e5 2.Nf3 Nc6 3.Bc4 Bc5 4.c3 Nf6 5.d3 O-O 6.Nbd2 a6 7.O-O d6 8.Bb3 Ba7
9.h3 h6 10.Re1 Be6 11.Nf1 Re8 12.Be3 Bxe3 13.Nxe3 Qd7 14.Nh4 Bxb3 15.axb3 Qe6
16.b4 g6 17.Qf3 Rac8 18.Nd5 Kg7 19.g4 Ne7 20.Ne3 d5 21.exd5 Nfxd5 22.Qg3 Nxe3
23.Rxe3 Nd5 24.Re4 Nf6 25.Re2 Qd6 26.Rae1 Rcd8 27.Re3 e4 28.Qxd6 Rxd6 29.dxe4 Rde6
30.e5 Nd5 31.Re4 Kg8 32.Kh2 c6 33.Kg3 Nf6 34.R4e2 Nd5 35.f3 g5 36.Nf5 Nf4
37.Re3 Kh7 38.h4 Ng6 39.hxg5 hxg5 40.Nd6 R8e7 41.Ne4 Rxe5 42.Nxg5+ Kg7 43.Rxe5 Rxe5
44.Rxe5 Nxe5 45.Ne4 Nd3 46.Nc5 Nxb2 47.Nxb7 Na4 48.c4 Kf6 49.c5 Nc3 50.Na5 Ne2+
51.Kh4 Nd4 52.f4 Ke6 53.Kg5  1-0

[Event "ch-FRA Haute"]
[Site "Vichy FRA"]
[Date "2000.08.24"]
[Round "9"]
[White "Bacrot,E"]
[Black "Bauer,Ch"]
[Result "1-0"]
[WhiteElo "2613"]
[BlackElo "2562"]

1.d4 d5 2.Nf3 Nf6 3.c4 dxc4 4.Nc3 a6 5.e4 b5 6.e5 Nd5 7.a4 Nxc3 8.bxc3 Qd5
9.g3 Bb7 10.Bg2 Qd7 11.Ba3 g6 12.O-O Bg7 13.Re1 O-O 14.Bc5 Bd5 15.Ng5 Nc6
16.e6 fxe6 17.Qg4 Bxg2 18.Kxg2 Qd5+ 19.f3 e5 20.Ne6 exd4 21.cxd4 Rac8 22.axb5 axb5
23.Ra6 Rf5 24.Nf4 Rxf4 25.Qxc8+ Rf8 26.Qe6+ Qxe6 27.Rxe6 Nxd4 28.Rxe7 Nb3
29.Rc6 Rc8 30.Rexc7 Rxc7 31.Rxc7 Bf8 32.Bxf8 Kxf8 33.Kf2 Ke8 34.Ke3 Kd8 35.Rxh7 b4
36.Rb7 c3 37.Rb8+ Kd7 38.Kd3 Nd4 39.Rxb4 Nxf3 40.h4  1-0

[Event "Match"]
[Site "Albert FRA"]
[Date "2000.10.14"]
[Round "5"]
[White "Bacrot,E"]
[Black "Short,N"]
[Result "1-0"]
[WhiteElo "2613"]
[BlackElo "2677"]

1.d4 e6 2.c4 Nf6 3.Nc3 Bb4 4.Qc2 d5 5.cxd5 Qxd5 6.e3 c5 7.a3 Bxc3+ 8.Qxc3 Nbd7
9.Nf3 O-O 10.Bc4 cxd4 11.Qxd4 Qxd4 12.Nxd4 Ne5 13.Be2 Bd7 14.b3 Rfc8 15.Bb2 Ng6
16.h4 h5 17.a4 a6 18.Rd1 e5 19.Nf3 Be6 20.Nxe5 Nxe5 21.Bxe5 Bxb3 22.Ra1 Bc4
23.Bxf6 Bxe2 24.Kxe2 gxf6 25.Rhb1 Rab8 26.Rb6 Kg7 27.Rd1 Rc6 28.Rb4 b5 29.Rd5 Kg6
30.axb5 Rcb6 31.g4 Rxb5 32.gxh5+ Kg7 33.Rg4+ Kh7 34.e4 a5 35.Rf4 Kg7 36.h6+ Kxh6
37.Rd6 Rb2+ 38.Kf1 Rb1+ 39.Kg2 Rg8+ 40.Kh2 Rg6 41.Rdxf6 Rxf6 42.Rxf6+ Kg7
43.Ra6 Re1 44.f3 f5 45.exf5 Re5 46.f6+ Kf7 47.Kg3 Rb5 48.Kg4 a4 49.h5 Rb1
50.f4 a3 51.Kg5 Rb5+ 52.f5 Rb1 53.Ra7+ Kf8 54.Rxa3 Rg1+ 55.Kf4 Kf7 56.Rg3 Rh1
57.Kg5 Rh2 58.h6 Rh1 59.Rg4 Rh2 60.Rh4 Rg2+ 61.Kf4  1-0

[Event "Gp A"]
[Site "Cap d'Agde FRA"]
[Date "2000.10.29"]
[Round "1"]
[White "Karpov,An"]
[Black "Bacrot,E"]
[Result "1/2-1/2"]
[WhiteElo "2699"]
[BlackElo "2613"]

1.c4 e5 2.Nc3 Nf6 3.Nf3 Nc6 4.g3 g6 5.d4 exd4 6.Nxd4 Bg7 7.Nxc6 dxc6 8.Qxd8+ Kxd8
9.Bg5 h6 10.Rd1+ Ke7 11.Be3 Be6 12.Bc5+ Ke8 13.e3 Rd8 14.Rxd8+ Kxd8 15.Bd4 Re8
16.Kd2 b6 17.b4 Ke7 18.Bd3 Bf8 19.a3 Nd7 20.Na4 f5 21.e4 Kf7 22.Re1 Rd8 23.exf5 gxf5
24.Kc2 a5 25.bxa5 Ra8 26.Bc3 Bxa3 27.Bd2 Bd6 28.Be2 Nf6 29.f3 bxa5 30.c5 Bf8
31.Rb1 Ra7 32.Bd3 Nd5 33.Rb8 Nf6 34.Be3 Nd7 35.Rb1 Ne5 36.f4 Nxd3 37.Kxd3 Ra8
38.Rb7 Rd8+ 39.Bd4 Rd7 40.Ke3 Bc4 41.Ra7 Re7+ 42.Be5 Bg7 43.Nc3 Bb3 44.Rxa5 Bxe5
45.fxe5 Rxe5+ 46.Kd4 Re7 47.Ra3 Be6 48.Ke5 Bd7+ 49.Kf4 Re1 50.Ra5 Rf1+ 51.Ke3 Rh1
52.h4 Re1+ 53.Ne2 Be6 54.Kd2 Rb1 55.Ra7 Bd5 56.Rxc7+ Kf6 57.Rh7 Rb2+ 58.Kd3 Be4+
59.Ke3 Rb3+ 60.Kd4 Rd3+ 61.Kc4 Re3 62.Nf4 Rxg3 63.Rxh6+ Kg7 64.Nh5+ Kxh6
65.Nxg3 Bd5+ 66.Kd3 f4 67.Ne2 f3 68.Nf4 Be4+ 69.Ke3 Kh7 70.Nh5 Bc2 71.Ng3 Bd1
72.Nf5 Kg6 73.Nd4 Kh5 74.Nxf3 Kg4 75.Ne5+ Kxh4 76.Kf4 Ba4 77.Kf5 Kg3 78.Ke6 Kf4
79.Kd6 Ke4 80.Nxc6 Kd3 81.Kc7 Kc4 82.Kb6 Kd5 83.Na7 Bd7 84.Nb5 Kc4  1/2-1/2

[Event "Gp A"]
[Site "Cap d'Agde FRA"]
[Date "2000.10.30"]
[Round "3"]
[White "Tkachiev,V"]
[Black "Bacrot,E"]
[Result "1/2-1/2"]
[WhiteElo "2657"]
[BlackElo "2613"]

1.e4 c5 2.Nf3 Nc6 3.c3 Nf6 4.e5 Nd5 5.Bc4 Nb6 6.Bb3 c4 7.Bc2 d5 8.exd6 Qxd6
9.O-O Bg4 10.Re1 Ne5 11.Rxe5 Bxf3 12.Qe1 Bd5 13.b3 e6 14.Na3 Qd7 15.bxc4 Nxc4
16.Nxc4 Bxc4 17.Bb3 Bxb3 18.axb3 Bd6 19.Re2 O-O 20.d4 b5 21.Ra6 Rfc8 22.h3 Rc6
23.Rea2 Rxa6 24.Rxa6 Rc8 25.Bd2 Bc7 26.Qe4 Bb6 27.h4 h5 28.g3 Qd5 29.Qxd5 exd5
30.Kf1 b4 31.cxb4 Rc2 32.Ke2 Rb2 33.Kd3 Rxb3+ 34.Kc2 Rf3 35.Be3 Rf6 36.b5 Kf8
37.Kd3 Re6 38.Bf4 Re1 39.Bd6+ Ke8 40.Bc5 Re6 41.Ra1 Kd8 42.Bxb6+ axb6 43.Ra8+ Kd7
44.Ra7+ Ke8 45.Rb7 g6 46.f3 f5 47.Rg7 Kd8 48.Kd2 Ke8 49.Ra7 Kd8 50.Ra1 Kd7
51.Ra7+ Kd8 52.Ra3 Kd7 53.Rc3 Ke7 54.Rc8 Kd7 55.Rb8 Kc7 56.Rg8 Kd7 57.Rg7+ Kd8
58.Kd3 Ke8 59.Rc7 Kd8 60.Rc1 Kd7 61.Rg1 Kd6 62.Kd2 Kc7 63.Rc1+ Kd7 64.Rc3 Ke7
65.Re3 f4 66.gxf4 Rxe3 67.Kxe3 Ke6 68.Kf2 Kf6 69.Kg2 Ke6  1/2-1/2

[Event "Gp A"]
[Site "Cap d'Agde FRA"]
[Date "2000.10.31"]
[Round "7"]
[White "Hamdouchi,H"]
[Black "Bacrot,E"]
[Result "0-1"]
[WhiteElo "2541"]
[BlackElo "2613"]

1.e4 c5 2.Nf3 d6 3.d4 cxd4 4.Nxd4 Nf6 5.Nc3 a6 6.f4 Qc7 7.Nf3 Nbd7 8.a4 g6
9.Bd3 Bg7 10.O-O O-O 11.Kh1 b6 12.Qe1 Bb7 13.Bd2 e6 14.Qh4 Rae8 15.Rae1 Nc5
16.b4 Nxd3 17.cxd3 Ba8 18.Rc1 Qb7 19.b5 Rc8 20.Ne2 axb5 21.axb5 Rc5 22.Ned4 Qd7
23.Bb4 Rxc1 24.Rxc1 Rc8 25.Rxc8+ Qxc8 26.Bxd6 Qc1+ 27.Ng1 h6 28.Ne2 Qd1 29.Be5 Qxd3
30.Nd4 Qxe4 31.Nc6 g5 32.Qf2 Bxc6 33.bxc6 Qxc6 34.Bxf6 Bxf6 35.fxg5 Bxg5
36.Qg3 Qc1 37.Qb8+ Kh7 38.Qf8 Qf1 39.Qa3 b5 40.h3 Bf6 41.Qb4 Bg5 42.Qe4+ Kg7
43.h4 Qf4 44.Qe2 Qxh4+ 45.Nh3 Bf6 46.Kg1 b4 47.Kf1 b3  0-1

[Event "Anibal Open"]
[Site "Linares ESP"]
[Date "2001.01.17"]
[Round "10"]
[White "Sturua,Z"]
[Black "Bacrot,E"]
[Result "1/2-1/2"]
[WhiteElo "2580"]
[BlackElo "2618"]

1.d4 Nf6 2.c4 g6 3.g3 Bg7 4.Bg2 d5 5.cxd5 Nxd5 6.Nf3 Nb6 7.Nc3 Nc6 8.e3 O-O
9.O-O Re8 10.d5 Na5 11.Nd4 Bd7 12.Qe2 c6 13.dxc6 Nxc6 14.Nxc6 Bxc6 15.Bxc6 bxc6
16.Bd2  1/2-1/2

[Event "TCh-FRA"]
[Site "Monaco FRA"]
[Date "2001.02.02"]
[Round "1"]
[White "Dorfman,J"]
[Black "Bacrot,E"]
[Result "0-1"]
[WhiteElo "2602"]
[BlackElo "2618"]

1.c4 c5 2.Nf3 Nf6 3.g3 d5 4.Bg2 d4 5.b4 cxb4 6.a3 bxa3 7.Bxa3 Nc6 8.O-O e5
9.Bxf8 Kxf8 10.d3 g6 11.Nbd2 Kg7 12.Qb3 Re8 13.Ng5 Qe7 14.Nge4 Nxe4 15.Nxe4 f5
16.Nd2 a5 17.Rfb1 Nb4 18.Qb2 Ra6 19.Nb3 b6 20.Nc1 Bd7 21.Qxb4 axb4 22.Rxa6 b5
23.cxb5 Bxb5 24.Rb6 Qc5 25.Rb7+ Kh6 26.Nb3 Qc2 27.Rc1 Qxb3 28.Rxb5 Re7 29.Bd5 Qb2
30.Re1 e4 31.Bc4 e3 32.f4 Ra7  0-1

[Event "ch-FRA High Pool"]
[Site "Marsailles FRA"]
[Date "2001.08.13"]
[Round "10"]
[White "Bacrot,E"]
[Black "Vaisser,A"]
[Result "1/2-1/2"]
[WhiteElo "2653"]
[BlackElo "2556"]

1.c4 c5 2.Nc3 g6 3.g3 Bg7 4.Bg2 Nc6 5.e3 e6 6.Nge2 Nge7 7.O-O O-O 8.d4 cxd4
9.Nxd4 Nxd4 10.exd4 d5 11.cxd5 Nxd5 12.Qb3 Bxd4 13.Nxd5 exd5 14.Bh6 Bg7 15.Bxg7 Kxg7
16.Bxd5 Qf6 17.Rfe1 a5 18.Qc3 Ra6 19.Re5 Rd6 20.Rae1 Rfd8 21.Qxa5 Bh3 22.Bg2 Rd2
23.R5e2 Rxe2 24.Rxe2 Rd1+ 25.Re1 b6 26.Qb4 Rxe1+ 27.Qxe1 Bxg2 28.Kxg2 Qxb2
29.a4 Qd4 30.Qb1  1/2-1/2

[Event "ch-FRA Gp B"]
[Site "Marsailles FRA"]
[Date "2001.08.14"]
[Round "2"]
[White "Bacrot,E"]
[Black "Dorfman,J"]
[Result "1-0"]
[WhiteElo "2653"]
[BlackElo "2602"]

1.c4 Nf6 2.Nc3 e6 3.e4 c5 4.e5 Ng8 5.Nf3 Nc6 6.d4 cxd4 7.Nxd4 Nxe5 8.Ndb5 a6
9.Nd6+ Bxd6 10.Qxd6 f6 11.Be3 Ne7 12.Bb6 Nf5 13.Qc5 Qe7 14.Qxe7+ Kxe7 15.f4 Ng6
16.g3 d6 17.Bh3 Bd7 18.O-O-O Bc6 19.Rhe1 Kf7 20.Nd5 exd5 21.Bxf5 Nf8 22.c5 dxc5
23.Bxc5 h5 24.Re7+ Kg8 25.Rde1 Rh6 26.Rc7 Ng6 27.h4 a5 28.Bc8 a4 29.Kd2 Rh8
30.Bf5 Rh6 31.a3 Rd8 32.Kc3 Kh8 33.Bb6 Ra8 34.Bc8 Kg8 35.Bd4 Rh8 36.Be6+ Kh7
37.Bxf6 Rhe8 38.Rxg7+ Kh6 39.Rc7  1-0

[Event "ch-FRA Gp B"]
[Site "Marsailles FRA"]
[Date "2001.08.15"]
[Round "3"]
[White "Relange,E"]
[Black "Bacrot,E"]
[Result "1/2-1/2"]
[WhiteElo "2472"]
[BlackElo "2653"]

1.c4 e5 2.Nc3 Nf6 3.g3 d5 4.cxd5 Nxd5 5.Bg2 Nb6 6.Nf3 Nc6 7.O-O Be7 8.a3 O-O
9.b4 Be6 10.d3 f6 11.Bb2 Qd7 12.Rc1 Rad8 13.Ne4 Nd5  1/2-1/2

[Event "ch-FRA Gp B"]
[Site "Marsailles FRA"]
[Date "2001.08.17"]
[Round "5"]
[White "Nataf,IA"]
[Black "Bacrot,E"]
[Result "1/2-1/2"]
[WhiteElo "2527"]
[BlackElo "2653"]

1.e4 e5 2.Nf3 Nc6 3.d4 exd4 4.Nxd4 Nf6 5.Nxc6 bxc6 6.e5 Qe7 7.Qe2 Nd5 8.c4 Ba6
9.b3 g6 10.f4 Qb4+ 11.Bd2 Qb6 12.Qe4 f5 13.Qf3 Qd4 14.Nc3 Nxc3 15.Bxc3 Bb4
16.Rc1 Bxc3+ 17.Rxc3 Bb7 18.c5 d5 19.cxd6 cxd6 20.Qe3 dxe5 21.Qxe5+ Qxe5+
22.fxe5 O-O-O 23.Bc4 Rhe8 24.e6 c5 25.O-O Rd2 26.Rf2 Rd1+ 27.Rf1 Rd2 28.Rf2  1/2-1/2

[Event "ch-FRA Gp B"]
[Site "Marsailles FRA"]
[Date "2001.08.18"]
[Round "6"]
[White "Chabanon,JL"]
[Black "Bacrot,E"]
[Result "0-1"]
[WhiteElo "2511"]
[BlackElo "2653"]

1.d4 d5 2.Nf3 c6 3.c4 Nf6 4.cxd5 cxd5 5.Nc3 a6 6.Bf4 Nc6 7.Ne5 Bd7 8.Nxd7 Qxd7
9.e3 e6 10.Be2 Bd6 11.Bxd6 Qxd6 12.O-O b5 13.a3 O-O 14.Qd3 Na5 15.b4 Nc4
16.e4 dxe4 17.Nxe4 Nxe4 18.Qxe4  0-1

[Event "ch-FRA Playoff"]
[Site "Marsailles FRA"]
[Date "2001.08.24"]
[Round "1"]
[White "Bacrot,E"]
[Black "Degraeve,JM"]
[Result "1/2-1/2"]
[WhiteElo "2653"]
[BlackElo "2602"]

1.d4 d6 2.Nf3 g6 3.c4 Bg7 4.Nc3 c5 5.d5 Nf6 6.e4 O-O 7.h3 e5 8.Bg5 h6 9.Be3 Nh5
10.Qd2 Kh7 11.Bd3 Nd7 12.Ne2 Qf6 13.Rb1 Re8 14.Nh2 Qe7 15.O-O Nf8 16.g4 Nf6
17.Ng3 a6 18.Kg2 Ng8 19.a3 a5 20.b3 Bf6 21.Nf3 Kg7 22.Rg1 Nh7 23.b4 axb4
24.axb4 b6 25.bxc5 bxc5 26.Rb6 Ng5 27.Nh2 Nh7 28.Nf3 Ng5 29.Nxg5 Bxg5 30.Bxg5 hxg5
31.Rgb1 f6 32.Qb2 Nh6 33.Ra1 Rxa1 34.Qxa1 Nf7 35.Bc2 Qc7 36.Rb1 Re7 37.Ba4 Qa5
38.Bb5 Ra7 39.Qxa5 Rxa5 40.Nf1 Kf8 41.Ne3 Ke7  1/2-1/2

[Event "ch-FRA Playoff"]
[Site "Marsailles FRA"]
[Date "2001.08.24"]
[Round "4"]
[White "Degraeve,JM"]
[Black "Bacrot,E"]
[Result "0-1"]
[WhiteElo "2602"]
[BlackElo "2653"]

1.e4 c5 2.Nc3 Nc6 3.f4 g6 4.Nf3 Bg7 5.Bb5 Nd4 6.O-O a6 7.Bd3 d6 8.Nxd4 cxd4
9.Ne2 Nf6 10.Kh1 Nd7 11.b4 Qb6 12.c3 dxc3 13.dxc3 a5 14.Rb1 axb4 15.Rxb4 Qc7
16.Bb1 O-O 17.Qe1 b6 18.Qh4 Ba6 19.Qf2 Nc5 20.Rd1 Bxe2 21.Qxe2 Bxc3 22.Rc4 Bg7
23.Bb2 Bxb2 24.Qxb2 Ra4 25.Rcc1 Qb8 26.Bc2 Ra7 27.Bb1 Rc8 28.h4 Rac7 29.Qd2 Na4
30.Rxc7 Qxc7 31.h5 Qc3 32.Qe2 Rc5 33.hxg6 hxg6 34.f5 Kg7 35.Qf2 Qf6 36.Kg1 Nc3
37.Re1 gxf5 38.e5 dxe5 39.Bxf5 e6 40.Qg3+ Kf8 41.Bh7 e4 42.Qe3 Qh4 43.Bxe4 Nxe4
44.Qxe4 Qxe4 45.Rxe4 Ke7 46.Rb4 Rc6 47.a4 e5 48.Rb5 Ke6 49.a5 bxa5 50.Rxa5 Kf5
51.Ra7 f6 52.Ra4 Rc2 53.Ra6 e4 54.Kf1 Kg5 55.Ra5+ Kf4 56.Ra6 f5 57.Ra5 Kg4
58.Re5 Kf4 59.Ra5 e3 60.Rb5 Rf2+ 61.Kg1 Kg3 62.Re5 Rxg2+ 63.Kf1 Rf2+ 64.Ke1 f4  0-1

[Event "EUR-ASIA Rapid Match"]
[Site "Batumi GEO"]
[Date "2001.09.18"]
[Round "6"]
[White "Bacrot,E"]
[Black "Kasimdzhanov,R"]
[Result "1/2-1/2"]
[WhiteElo "2653"]
[BlackElo "2704"]

1.d4 d5 2.c4 c6 3.Nf3 Nf6 4.e3 e6 5.Bd3 Nbd7 6.Nbd2 Bd6 7.O-O O-O 8.e4 e5
9.cxd5 cxd5 10.exd5 exd4 11.Ne4 Nxe4 12.Bxe4 Nf6 13.Bg5 Be7 14.Bc2 Nxd5 15.Bxe7 Nxe7
16.Qxd4 Bf5 17.Bxf5 Nxf5 18.Qb4 Qb6 19.Qxb6 axb6 20.a3 Rfd8 21.Rfd1 Ne7 22.Ne5 Nc6
23.Nc4 b5 24.Nd6 b4 25.Nxb7 Rxd1+ 26.Rxd1 bxa3 27.bxa3 Rxa3  1/2-1/2

[Event "EUR-ASIA Rapid Match"]
[Site "Batumi GEO"]
[Date "2001.09.19"]
[Round "9"]
[White "Dao Thien Hai"]
[Black "Bacrot,E"]
[Result "1/2-1/2"]
[WhiteElo "2572"]
[BlackElo "2653"]

1.d4 d5 2.c4 c6 3.Nf3 Nf6 4.Nc3 a6 5.a4 e6 6.Bf4 Bb4 7.e3 O-O 8.Be2 c5 9.dxc5 Bxc5
10.O-O Nc6 11.cxd5 Nxd5 12.Nxd5 exd5 13.Qc2 Be7 14.Ne5 Nb4 15.Qd2 Be6 16.Rfc1 Qa5
17.Nf3 Rfc8 18.Nd4 Bd7 19.h3 Rxc1+ 20.Rxc1 Rc8 21.Rxc8+ Bxc8 22.Qc3 Qc5 23.Bf3 Qxc3
24.bxc3 Na2 25.Ne2 Bf6 26.Bxd5 Nxc3 27.Nxc3 Bxc3 28.Kf1 a5 29.Ke2 Bd7 30.Kd3 Be1
31.Bxb7 Bxa4 32.Bc7 Bb5+ 33.Kc2 a4 34.f4 Bb4 35.Bd5 Kf8 36.Be5 Bc5 37.Bd4 Bxd4
38.exd4 Ke7 39.Kc3 f6 40.Kb4 Bd7 41.Bg8 h5 42.Bc4 Kd6 43.g3 Bxh3 44.Kxa4 Be6
45.Kb4 Bxc4 46.Kxc4  1/2-1/2

[Event "Match"]
[Site "Albert FRA"]
[Date "2001.10.10"]
[Round "2"]
[White "Bacrot,E"]
[Black "Sutovsky,E"]
[Result "1/2-1/2"]
[WhiteElo "2653"]
[BlackElo "2664"]

1.c4 Nf6 2.Nf3 g6 3.Nc3 d5 4.Qa4+ Bd7 5.Qb3 dxc4 6.Qxc4 Bg7 7.e4 O-O 8.e5 Ng4
9.d4 Be6 10.d5 Bf5 11.Bf4 Nd7 12.Qe2 f6 13.e6 Nde5 14.Bxe5 fxe5 15.h3 Nf6
16.Rd1 e4 17.Ng5 c6 18.g4 Nxd5 19.gxf5 Qa5  1/2-1/2

[Event "Match"]
[Site "Albert FRA"]
[Date "2001.10.12"]
[Round "4"]
[White "Bacrot,E"]
[Black "Sutovsky,E"]
[Result "1/2-1/2"]
[WhiteElo "2653"]
[BlackElo "2664"]

1.c4 e5 2.Nc3 Nf6 3.Nf3 Nc6 4.g3 Nd4 5.Bg2 Nxf3+ 6.Bxf3 Bc5 7.O-O O-O 8.d3 h6
9.a3 a6 10.e3 Ba7 11.b4 c6 12.d4 exd4 13.exd4 d5 14.cxd5 Nxd5 15.Nxd5 cxd5
16.Be3 Bh3 17.Re1 Rc8 18.Rc1 Rxc1 19.Qxc1 Qd7 20.Qb1 Rc8 21.Rc1 Rxc1+ 22.Qxc1 Qf5
23.Qd1 g5 24.Be2 Qe4 25.Bf3 Qf5 26.Be2 Kg7 27.f3 Qc8 28.Qb3 Be6 29.Kf2 f6
30.Bd3 Bf5 31.Be2 Be6 32.b5 axb5 33.Qxb5 Bf7 34.Qb3 h5 35.Kg2 h4 36.Bd3 Qe6
37.Bf2 hxg3 38.hxg3 Qe7 39.a4 Be6 40.a5 f5 41.a6 bxa6 42.Bxa6  1/2-1/2

[Event "Match"]
[Site "Albert FRA"]
[Date "2001.10.14"]
[Round "6"]
[White "Bacrot,E"]
[Black "Sutovsky,E"]
[Result "0-1"]
[WhiteElo "2653"]
[BlackElo "2664"]

1.Nf3 g6 2.c4 Bg7 3.d4 Nf6 4.Nc3 d5 5.Qb3 dxc4 6.Qxc4 O-O 7.Bf4 Na6 8.e4 c5
9.dxc5 Be6 10.Qb5 Bd7 11.Qxb7 Nxc5 12.Qb4 Ne6 13.Be5 a5 14.Qa3 Qb6 15.Bc4 Ng4
16.Bg3 Qb4 17.Qxb4 axb4 18.Nd5 Bxb2 19.Rb1 Bc3+ 20.Nxc3 bxc3 21.O-O Rac8
22.Ba6 c2 23.Ra1 Rc3 24.Rfc1 Nc5 25.Be2 Nxe4 26.Bh4 Ngf6 27.Ne1 g5 28.Bg3 Nxg3
29.hxg3 Ba4  0-1

[Event "Rapid"]
[Site "Aubervilliers FRA"]
[Date "2002.01.26"]
[Round "4"]
[White "Bacrot,E"]
[Black "Duchateau,T"]
[Result "1-0"]
[WhiteElo "2649"]
[BlackElo "2143"]

1.d4 d5 2.c4 dxc4 3.Nf3 e6 4.e4 Nf6 5.e5 Nd5 6.Bxc4 Bb4+ 7.Bd2 Be7 8.O-O O-O
9.Nc3 a6 10.Qe2 c5 11.dxc5 Nxc3 12.bxc3 Qc7 13.Bd3 Nd7 14.c6 Nc5 15.Bc2 Qxc6
16.Bg5 Qc7 17.h4 h6 18.Bf4 Bd7 19.Nh2 Bxh4 20.Qg4 Bg5 21.Bxg5 hxg5 22.Qxg5 Rfd8
23.Ng4 Kf8 24.Qh4 Ba4 25.Rac1 Bxc2 26.Rxc2 Nd3 27.Qh8+ Ke7 28.Qxg7 Rg8 29.Qf6+ Ke8
30.Qh4 Nxe5 31.Nf6+ Kf8 32.Nxg8 Kxg8 33.Qg3+ Kf8 34.Re2  1-0

[Event "Rapid"]
[Site "Aubervilliers FRA"]
[Date "2002.01.26"]
[Round "5"]
[White "Kirszenberg,M"]
[Black "Bacrot,E"]
[Result "0-1"]
[WhiteElo "2229"]
[BlackElo "2649"]

1.d4 Nf6 2.c4 g6 3.Nc3 d5 4.Nf3 Bg7 5.Bg5 Ne4 6.cxd5 Nxg5 7.Nxg5 c6 8.e3 e6
9.Nh3 exd5 10.Nf4 Nd7 11.Be2 O-O 12.O-O Qe7 13.a3 a5 14.Nd3 h5 15.Na4 Rb8
16.b4 axb4 17.axb4 b5 18.Nac5 Nb6 19.Na6 Ra8 20.Nac5 Bf5 21.Ra6 Rxa6 22.Nxa6 Nc4
23.Ndc5 Nd6 24.Qc1 Ra8 25.Qc3 Nc4 26.Ra1 Bc8 27.Bxc4 dxc4 28.Ra5 Bf5 29.f3 Re8
30.e4 Rd8 31.e5 Qh4 32.g3 Qxd4+ 33.Qxd4 Rxd4 34.f4 c3 35.Nb3 c2 36.Kf2 Rd2+
37.Ke3 Rd3+  0-1